Recession and policy transmission to Latin American tourism (Record no. 191864)
[ view plain ]
| 000 -LEADER | |
|---|---|
| fixed length control field | 01630nam a2200373 a 4500 |
| 100 1# - MAIN ENTRY--AUTHOR NAME | |
| Personal name | Romeu, Rafel. |
| 245 10 - TITLE STATEMENT | |
| Title | Recession and policy transmission to Latin American tourism |
| 260 ## - PUBLICATION, DISTRIBUTION, ETC. (IMPRINT) | |
| Place of publication | [Washington, D.C.] : |
| Name of publisher | International Monetary Fund, |
| Year of publication | 2011. |
| 300 ## - PHYSICAL DESCRIPTION | |
| Number of Pages | 32 p. : |
| Other physical details | ill. (some col.). |
| 650 #0 - SUBJECT ADDED ENTRY--TOPICAL TERM | |
| Topical Term | Tourism |
| Topical Term | Business cycles |
| Topical Term | Global Financial Crisis, 2008-2009. |
| Topical Term | Tourists |
| Topical Term | Europeans |
| 700 1# - ADDED ENTRY--PERSONAL NAME | |
| Personal name | Wolfe, Andrew M. |
| 856 40 - ELECTRONIC LOCATION AND ACCESS | |
| Uniform Resource Identifier | http://site.ebrary.com/lib/rucke/Doc?id=10556875 |
No items available.
